000 00547nam a2200193Ia 4500
003 GCL
008 140319s9999 xx 000 0 eng d
040 _aGCL /
_cGCL
082 0 4 _a809.89283
_bB T
100 1 _aSTEPHENS, ELAINE C.
245 1 0 _aTEACHING YOUNG ADULT LITERATURE: SHARING THE CONNECTION /
_cSTEPHENS, ELAINE C.
700 1 _aBROWN, JEAN E.
260 _a[S.N] :
_bWADSUARTH PUBBISINT COMPANY ،
_c1995
300 _a320 P
650 0 4 _aLITERATURE
650 0 4 _aSTUDY AND TEACHING
650 0 4 _aYOUNG ADULTS
942 _2ddc
_cBK
999 _c23828
_d23828